Welsh house prices (Record no. 62141)

MARC details
000 -LEADER
fixed length control field 00776cam a2200205 4500
001 - CONTROL NUMBER
control field WB3601-20
008 - FIXED-LENGTH DATA ELEMENTS--GENERAL INFORMATION
fixed length control field 000000n2000 000 0 eng u
035 ## - SYSTEM CONTROL NUMBER
System control number (Sirsi) u103425
245 ## - TITLE STATEMENT
Title Welsh house prices
260 ## - PUBLICATION, DISTRIBUTION, ETC.
Date of publication, distribution, etc. 2000
490 ## - SERIES STATEMENT
Series statement Western Mail
Volume/sequential designation 6 January 2000, 14(2)
520 ## - SUMMARY, ETC.
Summary, etc. Average house prices in Wales rose by 6.9% to £62,714 in 1999, according to the Principality Building Society. There were sharp regional differences, with an increase of 9.3% in south east Wales, compared to 3.3% in West Wales. Map giving regional figures.
590 ## - LOCAL NOTE (RLIN)
Local note WB
650 ## - SUBJECT ADDED ENTRY--TOPICAL TERM
Topical term or geographic name entry element HOUSE PRICES
650 ## - SUBJECT ADDED ENTRY--TOPICAL TERM
Topical term or geographic name entry element WALES
650 ## - SUBJECT ADDED ENTRY--TOPICAL TERM
Topical term or geographic name entry element CARDIFF
650 ## - SUBJECT ADDED ENTRY--TOPICAL TERM
Topical term or geographic name entry element PRINCIPALITY BUILDING SOCIETY
690 ## - LOCAL SUBJECT ADDED ENTRY--TOPICAL TERM (OCLC, RLIN)
Topical term or geographic name as entry element PROPERTY-RESIDENTIAL PROPERTY-RESIDENTIAL PROPERTY MARKET
942 ## - ADDED ENTRY ELEMENTS (KOHA)
Suppress in OPAC 0
Holdings
Withdrawn status Lost status Source of classification or shelving scheme Damaged status Not for loan Home library Current library Shelving location Date acquired Total Checkouts Full call number Barcode Date last seen Copy number Price effective from Koha item type
    Dewey Decimal Classification     London London News article 06/01/2000   WB3601-20 103425-1001 06/08/2019 1 06/08/2019 News article